Logique - Mort Subite #33.04 - Statistiques

Statistiques générales
  • Ce quiz a été pris 120 fois
  • Le résultat moyen est 5 sur 16
Answers on the Grid
Answers color-coded by a green-red scale on the quiz's grid according to % correct below.
Zibeline
Orchidée
Cuir
Ambre
Amande
Ocre
Vénus
Opale
Mercure
Bronze
Cristal
Rose
Étoile
Émail
Corail
Sauge
Chine
Camélia
Azalée
Neige
Diamant
Jaspe
Grenat
Feu
 
Statistiques - réponses
Réponse % Correct
Ambre
47%
Opale
43%
Bronze
41%
Ocre
40%
Orchidée
37%
Cristal
36%
Rose
36%
Cuir
35%
Mercure
29%
Diamant
28%
Grenat
23%
Azalée
20%
Camélia
20%
Corail
20%
Zibeline
17%
Jaspe
16%
Aucun quiz correspondant
Distribution des résultats
% des personnes avec chaque résultat
Percentile par nombre de réponses
Votre historique - résultats
Vous n’avez pas pris ce quiz